000
00268nam a22001217a 4500
008
181031b xxu||||| |||| 00| 0 eng d
041
_a
eng
080
_a
821
100
_a
25
101
_a
GJU
245
_a
Masters Of Modern Drama
_c
Block.H.M
942
_2
udc
_c
BK
999
_c
51360
_d
51360